Responses for Show #7859 - Thursday, November 8, 2018

2018 Teen Tournament quarterfinal game 2.

Contestants

[<< previous game]

Caleb Richmond, a sophomore from Bedford, New Hampshire

Isabella Pagano, a freshman from Libertyville, Illinois

Rotimi Kukoyi, a freshman from Hoover, Alabama

[next game >>]

Jeopardy! Round responses

WORLD GEOGRAPHY
HASHTAGS FOR CHANGE
DESCRIBING THE TRAFFIC SIGN
PROUD TO BE AN AMERICAN
BROADWAY DEBUTS
DOUBLE TALK
    $200 1
the Gulf of Mexico

Caleb
    $200 8
#MeToo

Rotimi
    $200 14
a stop sign

Caleb
    $200 20
veterans

Isabella
    $200 22
Draco Malfoy

Isabella
    $200 13
knock knock

Isabella
    $400 6
Mount Everest

Caleb
    $400 9
a knee

Isabella
    $400 5
a playground

Isabella
    $400 19
GPS

Rotimi
    $400 21
Les Misérables

Rotimi
    $400 30
fifty-fifty

Caleb
    $600 7
Syria

Rotimi
    $600 10
Paris

Caleb
    $600 4
a hospital

Isabella
    $600 18
the poverty line

Caleb
    $600 25
Hamilton

Caleb
    $600 26
a yo-yo

Isabella
    $1,000 2
Polynesia

Caleb
    $800 11
the Ice Bucket Challenge

Caleb
    $800 15
yield

Caleb
    $800 16
the Peace Corps

Caleb
    $800 23
Chris Evans

Caleb
    $800 28
pom-poms

Rotimi
    $1000 3
the Balkan Peninsula

Caleb
    $1000 12
Nigeria

Rotimi
    $1000 24
a railroad crossing

Isabella
    $1000 17
the Erie Canal

Caleb
    $1000 27
Stranger Things

Caleb
    $1000 29
Bibi

Caleb

Scores at the first commercial break (after clue 15):

Rotimi Isabella Caleb
$1,800 $1,600 $5,000

Scores at the end of the Jeopardy! Round:

Rotimi Isabella Caleb
$3,400 $3,600 $11,200

Double Jeopardy! Round responses

WOMEN AUTHORS
THE TV SHOW'S CHARACTERS
HEALTH & MEDICINE
TIME TO TAKE THE S_A_T
WEIGHT LISTED
AT MY SAFETY SCHOOL
    $400 9
(Rotimi: Who is Dickinson?)
(Isabella: [Shrugs])

Elizabeth Barrett Browning

RotimiIsabella
Triple Stumper
    $400 1
Adventure Time

Caleb
    $400 13
carbon monoxide

Isabella
    $400 27
spearmint

Isabella
    $400 19
Jupiter

Rotimi
    $400 26
skiing

Isabella
    $800 4
Mary Shelley

Caleb
    $800 2
The Handmaid's Tale

Caleb
    $800 29
flossing

Rotimi
    $800 23
scarlet

Isabella
    $800 20
an iPhone

Caleb
    $800 14
stunt doubles

Caleb
    $1200 5
(Lois) Lowry

Rotimi
    $1200 3
(Rotimi: What is Harry Potter?)

Fear the Walking Dead

Rotimi
Triple Stumper
    $1200 8
post-traumatic stress disorder

Isabella
    $1200 24
a snapshot

Caleb
    $1200 18
the periodic table

Rotimi
    $1200 15
a pharmacy

Caleb
    $1600 6
(Caleb: Who is Pippa Longstocking?)
[Originally ruled correct; ruled incorrect before the first Daily Double]

Pippi Longstocking

Caleb
Triple Stumper
    $1600 10
The 100

Rotimi
    $1,400 12
(Rotimi: What is mono?)

tetanus

Rotimi
    $1600 25
splat

Isabella
    $1600 21
the Hope diamond

Caleb
    $3,000 16
(Caleb: Um...)
(Alex: It's not coming?)
(Caleb: No.)

an academy

Caleb
    $2000 7
Eleanor & Park

Triple Stumper
    $2000 11
American Gods

Triple Stumper
    $2000 30
the carpals

Rotimi
    $2000 28
a sextant

Caleb
    $2000 22
a stone

Caleb
    $2000 17
E. coli

Caleb

Scores at the end of the Double Jeopardy! Round:

Rotimi Isabella Caleb
$7,600 $8,000 $20,200
(lock game)

Final Jeopardy! Round responses

HISTORIC LEADERS
(Alex: [To Caleb] On his way back from Moscow in 1812.)
RotimiWho is Tolstoy? Hey Carlos + Tra
$7,599
IsabellaWho is Czar Nicholas?
$8,000
CalebWho is Napoleon Bonaparte? ☺
$0
Napoleon Bonaparte

Final scores:

Rotimi Isabella Caleb
$1 $0 $20,200
2nd place: $5,000 if eliminated 3rd place: $5,000 if eliminated Automatic semifinalist

Game dynamics:

Coryat scores:

Rotimi Isabella Caleb
$9,000 $8,000 $23,000
12 R,
3 W
(including 1 DD)
14 R,
1 W
27 R
(including 1 DD),
2 W
(including 1 DD)

Combined Coryat: $40,000

[game clues] [game scores] [suggest correction]

Game tape date: 2018-08-28
The J! Archive is created by fans, for fans. Scraping, republication, monetization, and malicious use prohibited; this site may use cookies and collect identifying information. See terms. The Jeopardy! game show and all elements thereof, including but not limited to copyright and trademark thereto, are the property of Jeopardy Productions, Inc. and are protected under law. This website is not affiliated with, sponsored by, or operated by Jeopardy Productions, Inc. Join the discussion at JBoard.tv.